Statystyki dla Wszystkie miasta w świętokrzyskim

Kliknij tutaj aby rozwiązać quiz!

Ogólne statystyki

  • Ten quiz został rozwiązany 101 razy
    (21 od ostatniego zresetowania)
  • Średni wynik to 30 z 48

Statystyki odpowiedzi

LudnośćOdpowiedź% Poprawnych
195 774Kielce
95%
10 043Włoszczowa
95%
10 844Pińczów
89%
23 644Sandomierz
89%
45 358Skarżysko-Kamienna
89%
15 149Jędrzejów
84%
6 496Opatów
84%
69 051Ostrowiec Świętokrzyski
84%
48 965Starachowice
84%
14 810Staszów
84%
15 952Busko-Zdrój
79%
5 579Kazimierza Wielka
79%
19 330Końskie
79%
8 120Połaniec
74%
8 379Suchedniów
74%
4 445Chęciny
68%
3 769Małogoszcz
68%
1 117Pacanów
68%
2 000Klimontów
63%
1 587Łagów
63%
5 679Stąporków
63%
515Wiślica
63%
2 240Bodzentyn
58%
3 024Ćmielów
58%
1 395Łopuszno
58%
1 695Morawica
58%
1 361Nowa Słupia
58%
955Nowy Korczyn
58%
2 764Wąchock
58%
1 776Zawichost
58%
2 907Daleszyce
53%
2 488Koprzywnica
53%
329Opatowiec
53%
3 703Chmielnik
47%
2 979Kunów
47%
4 599Ożarów
47%
3 158Piekoszów
47%
6 484Sędziszów
47%
1 289Skalbmierz
47%
1 425Stopnica
47%
1 106Szydłów
47%
908Działoszyce
42%
1 322Iwaniska
42%
1 848Oleśnica
42%
1 152Pierzchnica
42%
2 015Osiek
37%
1 153Wodzisław
37%
3 167
Radoszyce
32%

Rozkład punktacji

Percentyl według liczby udzielonych odpowiedzi

Procent ludzi z każdym wynikiem

Twoja historia wyników

Nie rozwiązałeś tego quizu od ostatniego zresetowania